000 01011nam a2200301Ia 4500
001 A6682
003 IT-RoPAU
008 130308s9999 xx 000 0 und d
040 _aIT-RoPAU
040 _cIT-RoPAU
041 _aINGLESE
100 _aMurdock Graham
100 _gCodice Aut. SPICS: 6133
245 _aCritical Inquiry and Audience Activity
245 _bRethinking Communication-Volume 2: Paradigm Exemplars
250 _a1a ed.
260 _aNEWBURY PARK
260 _bSage Publications
260 _c1989 [1° Ed.:1989 - Ed.Ling.Originale:1989]
300 _a"24 p. (prefazione: no ; testo: 24 [pagine: 226-249])"
500 _aInchiesta Critica e Attività dell'Audience. Poteri e Divertimenti. Ripensamento delle Economiche Determinazioni. Dai Segni Ai Discorsi. giudizio e Godimento. Costituenti e costituzione della Competenza.
650 _aFILOSOFIA LINGUISTICA
650 _eCodice materia Spics: 3101
942 _cBK
957 _71
999 _c38942
_d38942
999 _bSI
999 _g1